000 00596nab a2200157Ia 4500
003 ES-SlBCS
005 20210601145647.0
008 140529s2010 xxu||||| |||| 00| 0 spa d
041 _aspa
100 1 _aGairín Sallán, Joaquín
_9228773
245 0 0 _aSituación actual de la dirección y gestión de los centros de enseñanza obligatoria en España
_c Joaquín Gairín Sallán, Diego Castro Caecero
650 0 4 _aGestión Escolar
_9209151
700 1 _aCastro Caecero, Diego
_9315246
773 0 _tRevista Española de Pedagogia
_gvol. 68, nº. 247, 2010, págs. 401-416
_wRev1353
942 _cAR
999 _c727957
_d727957